| 000 | 01192cam a2200265 i 4500 | ||
|---|---|---|---|
| 003 | SA-RiAUC | ||
| 005 | 20240913163237.0 | ||
| 008 | 240912s1999 su g 00000 ara c | ||
| 040 |
_aSA-RiKSU _bara _cSA-RiAUC _erda |
||
| 082 | 0 | 4 |
_a259.4 _bا ب ن ح |
| 100 | 1 |
_aابن حميد، عبد الله بن محمد بن عبد العزيز، _d1329-1402 هجري _eمؤلف. |
|
| 245 | 1 | 0 |
_aفتاوى سماحة الشيخ عبد الله بن حميد من برنامج نور على الدرب / _cأعده واعتنى بإخراجه عمر محمد عبد الرحمن القاسم. |
| 250 | _aالطبعة الثانية. | ||
| 264 | 1 |
_aالرياض : _bدار القاسم للنشر، _c[1999] |
|
| 300 |
_a440 صفحة ؛ _c24 سم |
||
| 336 |
_aنص _btxt _2rdacontent _3كتاب |
||
| 337 |
_aبدون وسيط _bn _2rdamedia |
||
| 338 |
_aمجلد _bnc _2rdacarrier |
||
| 650 | 7 |
_aالفقه الإسلامي _2aucsh |
|
| 650 | 7 |
_aالفقه الحنبلي _2aucsh |
|
| 650 | 7 |
_aالفقه الإسلامي _xمذاهب _2aucsh |
|
| 700 | 1 |
_aالقاسم، عمر بن محمد بن عبد الرحمن _eمعد. |
|
| 942 |
_2ddc _cBOOK |
||
| 949 |
_aSA-JeALM _d240912 _umohamedma123 _n1 |
||
| 999 |
_c227 _d227 |
||